Alle Gemeinden Österreichs, die mit "Kirch" beginnen - Statistiken

Allgemein
  • Dieses Quiz wurde 53 mal gespielt
  • Das Durchschnittsergebnis liegt bei 15 aus 21
Antwortstatistiken
Einwohner # Gemeinde % Korrekt
645 Kirchdorf am Inn
97%
4.626 Kirchdorf an der Krems
97%
4.024 TI Kirchdorf in Tirol
97%
3.710 Kirchberg am Wagram
94%
1.305 Kirchberg am Walde
94%
2.441 Kirchberg am Wechsel
94%
3.166 Kirchberg an der Pielach
94%
4.582 ST Kirchberg an der Raab
94%
1.204 Kirchberg bei Mattighofen
94%
5.258 TI Kirchberg in Tirol
94%
1.058 Kirchberg ob der Donau
94%
2.485 Kirchberg-Thening
94%
5.871 TI Kirchbichl
50%
628 Kirchschlag
50%
2.187 Kirchschlag bei Linz
50%
2.820 Kirchschlag in der Buckligen Welt
50%
2.524 KT Kirchbach
44%
3.265 ST Kirchbach-Zerlach
44%
724 Kirchheim im Innkreis
44%
2.194 Kirchstetten
39%
2.238 Kirchham
28%
Keine übereinstimmenden Quizze gefunden
Verteilung der Resultate
Anzahl Personen mit jedem Resultat
Perzentil nach korrekt beantworteten Fragen
Ihre Resultats-Entwicklung
Sie haben dieses Quiz noch nicht gespielt